[Event "FRA Team Ch"]
[Site "REIMS"]
[Date "2002.??.??"]
[Round "10.4"]
[White "Koch, Jean-Rene"]
[Black "Prie, Eric"]
[Result "1-0"]
[WhiteElo "2498"]
[BlackElo "2498"]
[PlyCount "93"]
[EventDate "2005.05.??"]

1. e4 c5 2. Nf3 g6 3. d4 cxd4 4. Nxd4 Nc6 5. c4 Nf6 6. Nc3 d6 7. Nc2 Bg7 8. Be2
O-O 9. O-O Be6 10. Be3 Rc8 11. f3 Na5 12. b3 Ng4 13. Bd4 Bxd4+ 14. Qxd4 Nc6 15.
Qd2 Qb6+ 16. Kh1 Nf2+ 17. Rxf2 Qxf2 18. Nd5 Qh4 19. g3 Qh5 20. f4 Qh6 21. Nce3
Qg7 22. Rd1 Bxd5 23. exd5 Nb8 24. Bg4 Rc7 25. a4 Nd7 26. a5 b6 27. Bxd7 Rxd7
28. a6 Rc7 29. b4 b5 30. c5 dxc5 31. d6 Rd7 32. bxc5 Rc8 33. Qb4 exd6 34. Qxb5
Rdd8 35. cxd6 Qc3 36. Qe5 Qxe5 37. fxe5 Rc5 38. Nd5 Kf8 39. h4 h5 40. Kg2 f6
41. Nf4 Ke8 42. e6 Rc6 43. d7+ Ke7 44. Re1 Rg8 45. Nd5+ Kd8 46. Nxf6 Rg7 47.
Rb1 1-0

[Event "FRA Team Ch"]
[Site "REIMS"]
[Date "2002.??.??"]
[Round "10.5"]
[White "Sarthou, Gaetan"]
[Black "Claverie, Christophe"]
[Result "1/2-1/2"]
[WhiteElo "2385"]
[BlackElo "2398"]
[PlyCount "126"]
[EventDate "2005.05.??"]

1. d4 Nf6 2. Bg5 d5 3. e3 Ne4 4. Bf4 Bf5 5. f3 Nf6 6. c4 c6 7. Nc3 e6 8. Qb3
Qb6 9. c5 Qxb3 10. axb3 Nbd7 11. b4 Be7 12. g4 Bg6 13. b5 h5 14. g5 Nh7 15. h4
e5 16. Bg3 f6 17. f4 exd4 18. exd4 Bf5 19. b4 Kf7 20. Kd2 Ndf8 21. Bd3 g6 22.
bxc6 bxc6 23. Nge2 Ne6 24. Ra6 Rhc8 25. Rha1 Rc7 26. b5 Bxc5 27. Bxf5 gxf5 28.
b6 Bxb6 29. Rxb6 axb6 30. Rxa8 Nhf8 31. Nd1 Ng6 32. Ne3 fxg5 33. hxg5 Ne7 34.
Rb8 b5 35. Ra8 Rb7 36. Nd1 c5 37. dxc5 Nxc5 38. Bf2 Ne4+ 39. Ke1 b4 40. Bd4 b3
41. Nb2 Nc6 42. Ra6 Rc7 43. Nd3 Nxd4 44. Nxd4 Rc1+ 45. Ke2 Rg1 46. g6+ Ke8 47.
Nxb3 h4 48. Ne5 h3 49. Ra8+ Ke7 50. Ra7+ Ke8 51. Nd4 h2 52. Ra8+ Ke7 53. Nxf5+
Kf6 54. Rf8+ Ke6 55. Nd4+ Ke7 56. Rf7+ Ke8 57. Ndc6 Re1+ 58. Kd3 Rd1+ 59. Kc2
Rd2+ 60. Kb3 h1=Q 61. Re7+ Kf8 62. Rf7+ Ke8 63. Re7+ Kf8 1/2-1/2

[Event "FRA Team Ch"]
[Site "REIMS"]
[Date "2002.??.??"]
[Round "10.6"]
[White "Herb, Pascal"]
[Black "Santo-Roman, Marc"]
[Result "0-1"]
[WhiteElo "2307"]
[BlackElo "2417"]
[PlyCount "80"]
[EventDate "2005.05.??"]

1. e4 c5 2. Nf3 e6 3. c4 Nc6 4. Be2 Nf6 5. Nc3 d5 6. exd5 exd5 7. d4 dxc4 8. d5
Ne7 9. Bxc4 Nf5 10. O-O Be7 11. Bb5+ Kf8 12. Re1 a6 13. Ba4 g6 14. Bc2 Kg7 15.
Bxf5 Bxf5 16. Ne5 Re8 17. g4 Bd6 18. Bh6+ Kg8 19. Bf4 Nxg4 20. Nxg4 Rxe1+ 21.
Qxe1 Bxf4 22. Ne3 Qh4 23. Nf1 Bd3 24. Ng3 Rd8 25. Qd1 c4 26. Qf3 Re8 27. Rd1
Bd6 28. b3 b5 29. bxc4 bxc4 30. Rxd3 cxd3 31. Qxd3 Bxg3 32. fxg3 Qe7 33. d6
Qe3+ 34. Qxe3 Rxe3 35. d7 Rd3 36. Ne4 Kf8 37. Nc5 Rd1+ 38. Kf2 a5 39. Ke2 Rd5
40. Ke3 Ke7 0-1

[Event "FRA Team Ch"]
[Site "REIMS"]
[Date "2002.??.??"]
[Round "10.8"]
[White "Muller, Anne"]
[Black "Boudre, Jean-Pierre"]
[Result "0-1"]
[WhiteElo "2167"]
[BlackElo "2398"]
[PlyCount "68"]
[EventDate "2005.05.??"]

1. e4 e5 2. Nf3 Nc6 3. Bb5 a6 4. Ba4 Nf6 5. O-O Be7 6. Re1 b5 7. Bb3 O-O 8. a4
b4 9. d3 d6 10. Nbd2 Rb8 11. h3 Be6 12. Bxe6 fxe6 13. Ng5 Qd7 14. Nc4 h6 15.
Nf3 Qe8 16. Bd2 Nd7 17. c3 Nc5 18. Be3 bxc3 19. bxc3 Nd7 20. Rb1 Qg6 21. Qe2 d5
22. exd5 exd5 23. Ncd2 Rbe8 24. d4 exd4 25. cxd4 Nb4 26. Rec1 Bd6 27. Qd1 a5
28. Nb3 Ra8 29. Nc5 Nb6 30. Nb7 Nc4 31. Nxd6 cxd6 32. Nd2 Nd3 33. Rc3 Nxd2 34.
Bxd2 Rxf2 0-1

[Event "FRA Team Ch"]
[Site "REIMS"]
[Date "2002.??.??"]
[Round "10.9"]
[White "Flear, Christine"]
[Black "Bonnet, Edouard"]
[Result "1/2-1/2"]
[WhiteElo "2171"]
[BlackElo "2194"]
[PlyCount "108"]
[EventDate "2005.05.??"]

1. d4 d5 2. c4 c6 3. Nc3 Nf6 4. e3 e6 5. Nf3 Nbd7 6. Qc2 Bd6 7. b3 O-O 8. Be2
Qe7 9. O-O h6 10. Bb2 Re8 11. Rad1 b6 12. e4 Nxe4 13. Nxe4 dxe4 14. Qxe4 Bb7
15. Bd3 Nf6 16. Qe2 c5 17. Bb1 Rad8 18. Ne5 cxd4 19. Bxd4 Bc5 20. Ba1 Rxd1 21.
Rxd1 Rd8 22. Rxd8+ Qxd8 23. h3 Qd6 24. Ng4 Nxg4 25. Qxg4 e5 26. Qe2 e4 27. Qg4
f6 28. Bc3 Qe7 29. Bd2 Kf8 30. Bc2 Qd6 31. Qf4 Ke7 32. Be3 Qxf4 33. Bxf4 g5 34.
Bd2 f5 35. Bc3 a5 36. Kf1 Ke6 37. Bb2 h5 38. Bd1 h4 39. Bc1 Kf6 40. Bb2+ Kg6
41. a4 e3 42. f3 Bc8 43. Bc3 Be6 44. Bb2 Kf7 45. Bc3 Ke7 46. Bb2 Bf7 47. Bc2
Be6 48. Bd1 Kf7 49. Bc3 Kg6 50. Bb2 Bd7 51. Bc3 Bc6 52. Bb2 Bd7 53. Bc3 Bc8 54.
Bb2 Be6 1/2-1/2

[Event "FRA Team Ch"]
[Site "REIMS"]
[Date "2002.??.??"]
[Round "10.1"]
[White "Lutz, Christopher"]
[Black "Tirard, Hugo"]
[Result "1-0"]
[WhiteElo "2644"]
[BlackElo "2401"]
[PlyCount "87"]
[EventDate "2005.05.??"]

1. e4 c5 2. Nf3 Nc6 3. Bb5 e6 4. O-O Nge7 5. c3 a6 6. Ba4 d5 7. exd5 Qxd5 8. d4
Ng6 9. Be3 Qh5 10. Nbd2 b5 11. Bc2 cxd4 12. Nxd4 Qxd1 13. Rfxd1 Nxd4 14. Bxd4
Bb7 15. a4 b4 16. Nc4 Rc8 17. Na5 bxc3 18. bxc3 Bd5 19. Bd3 Bc5 20. Bxa6 Bxd4
21. cxd4 Rc2 22. Rac1 Rxc1 23. Rxc1 Ke7 24. Bb5 Rd8 25. f3 Nf4 26. Kf2 Ra8 27.
Nc6+ Kd6 28. Ne5 f6 29. Nf7+ Ke7 30. Rc7+ Kf8 31. Nd6 Rd8 32. Rf7+ Kg8 33. Rd7
Rxd7 34. Bxd7 Kf8 35. Nc8 Nd3+ 36. Ke3 Ne1 37. Nb6 Ke7 38. Nxd5+ Kxd7 39. Nf4
Nc2+ 40. Kd3 Nb4+ 41. Kc3 Nc6 42. Nh5 Ne7 43. Nxg7 Nd5+ 44. Kb3 1-0

[Event "FRA Team Ch"]
[Site "REIMS"]
[Date "2002.??.??"]
[Round "10.2"]
[White "Marcelin, Cyril"]
[Black "Van Den Doel, Erik"]
[Result "1/2-1/2"]
[WhiteElo "2452"]
[BlackElo "2583"]
[PlyCount "90"]
[EventDate "2005.05.??"]

1. e4 e5 2. Nf3 Nc6 3. Bc4 Nf6 4. d3 Bc5 5. c3 a6 6. Nbd2 O-O 7. O-O d6 8. Bb3
Ba7 9. h3 Be6 10. Re1 Bxb3 11. axb3 d5 12. b4 dxe4 13. dxe4 Qd3 14. Qe2 Qxe2
15. Rxe2 Rad8 16. Re1 Nh5 17. Nc4 f6 18. Be3 Bxe3 19. Nxe3 Nf4 20. h4 Rd7 21.
g3 Nd3 22. Re2 Rfd8 23. Kf1 Kf7 24. Rd2 Nc5 25. Rxd7+ Nxd7 26. Nd5 Rc8 27. Nd2
Ne7 28. Nxe7 Kxe7 29. Nb3 c5 30. bxc5 Nxc5 31. Nxc5 Rxc5 32. Ke2 Rc6 33. h5 Ke6
34. g4 Rb6 35. b4 Rd6 36. Rd1 Rxd1 37. Kxd1 Kd6 38. Kc2 Kc6 39. Kb3 Kb5 40. c4+
Kc6 41. Ka4 b6 42. Kb3 Kc7 43. Ka4 Kd6 44. Kb3 Kc6 45. Ka4 Kc7 1/2-1/2

[Event "FRA Team Ch"]
[Site "REIMS"]
[Date "2002.??.??"]
[Round "10.3"]
[White "Glek, Igor V"]
[Black "Bernard, Jacques"]
[Result "1-0"]
[WhiteElo "2605"]
[BlackElo "2247"]
[PlyCount "69"]
[EventDate "2005.05.??"]

1. e4 c5 2. Nf3 Nc6 3. Bb5 e6 4. O-O Nge7 5. Re1 a6 6. Bxc6 Nxc6 7. d4 cxd4 8.
Nxd4 Qc7 9. Nxc6 dxc6 10. e5 c5 11. Nc3 b6 12. Bg5 Bb7 13. Qh5 Be7 14. Rad1 O-O
15. Bf6 Bxf6 16. exf6 Qf4 17. fxg7 Rfd8 18. Re3 Rxd1+ 19. Qxd1 Qg5 20. Rg3 Qf6
21. Qd7 Rd8 22. Qxb7 Qxc3 23. Qxf7+ Kxf7 24. g8=Q+ Rxg8 25. Rxc3 Kf6 26. Kf1
Rg7 27. g3 e5 28. Rd3 Ke6 29. Ke2 Rg8 30. Ra3 Ra8 31. Ra4 Ra7 32. Rh4 Rb7 33.
Ke3 Kd5 34. c4+ Kd6 35. Rh6+ 1-0

[Event "FRA Team Ch"]
[Site "REIMS"]
[Date "2002.??.??"]
[Round "10.4"]
[White "Peyrat, Olivier"]
[Black "Renet, Olivier"]
[Result "1/2-1/2"]
[WhiteElo "2308"]
[BlackElo "2494"]
[PlyCount "40"]
[EventDate "2005.05.??"]

1. c4 Nf6 2. g3 c6 3. Nf3 d5 4. Bg2 g6 5. b3 Bg7 6. Bb2 O-O 7. O-O Nbd7 8. e3
b5 9. d4 bxc4 10. bxc4 Rb8 11. Bc3 Ne4 12. cxd5 Rxb1 13. Qxb1 Nxc3 14. Qc2 Nxd5
15. Qxc6 Qa5 16. Rfc1 N5b6 17. Qc3 Qh5 18. Qc7 Qa5 19. Qc3 Qh5 20. Qc7 Qa5
1/2-1/2

[Event "FRA Team Ch"]
[Site "REIMS"]
[Date "2002.??.??"]
[Round "10.5"]
[White "Wirig, Anthony"]
[Black "Mazet, Julien"]
[Result "1/2-1/2"]
[WhiteElo "2333"]
[BlackElo "2211"]
[PlyCount "64"]
[EventDate "2005.05.??"]

1. c4 e6 2. g3 d5 3. Bg2 Nf6 4. Nf3 Be7 5. O-O O-O 6. Qc2 c5 7. cxd5 exd5 8. d4
c4 9. Nc3 Nc6 10. Bg5 Be6 11. Rad1 Qa5 12. Ne5 Rad8 13. a3 Rfe8 14. h3 a6 15.
Nxc6 bxc6 16. e4 Nxe4 17. Nxe4 dxe4 18. Bxe7 Rxe7 19. Qxe4 Rc7 20. Rfe1 h6 21.
Qf4 Rcc8 22. Re5 Qc7 23. Qe3 Qd7 24. Kh2 Bd5 25. Bf1 Re8 26. Re1 Rxe5 27. Qxe5
Rd8 28. Rc1 Re8 29. Qf4 Qe6 30. Qe5 Qd7 31. Qf4 Qe6 32. Qe5 Qd7 1/2-1/2

[Event "FRA Team Ch"]
[Site "REIMS"]
[Date "2002.??.??"]
[Round "10.6"]
[White "Gueneau, Christophe"]
[Black "Brunner, Nicolas"]
[Result "1/2-1/2"]
[WhiteElo "2109"]
[BlackElo "2240"]
[PlyCount "39"]
[EventDate "2005.05.??"]

1. c4 e5 2. g3 d6 3. Bg2 g6 4. Nc3 Bg7 5. Nf3 f5 6. O-O Nf6 7. d3 O-O 8. Rb1
Nc6 9. b4 h6 10. b5 Ne7 11. Nd2 f4 12. Qb3 Nf5 13. c5+ Kh7 14. cxd6 cxd6 15.
Ba3 Re8 16. Rfc1 Be6 17. Qa4 d5 18. Qd1 b6 19. Bb2 Rc8 20. a4 1/2-1/2

[Event "FRA Team Ch"]
[Site "REIMS"]
[Date "2002.??.??"]
[Round "10.7"]
[White "Moret, Vincent"]
[Black "Marquet, Mathieu"]
[Result "1-0"]
[WhiteElo "2184"]
[BlackElo "1950"]
[PlyCount "79"]
[EventDate "2005.05.??"]

1. Nf3 Nf6 2. c4 g6 3. Nc3 Bg7 4. d4 O-O 5. e4 c5 6. d5 d6 7. h3 Na6 8. Bd3 Bd7
9. O-O Nc7 10. Bf4 a6 11. a4 Nh5 12. Bh2 e5 13. dxe6 fxe6 14. Bxd6 Bxa4 15.
Bxc7 Bxd1 16. Bxd8 Bxf3 17. Bg5 Rad8 18. Bxd8 Rxd8 19. gxf3 Rxd3 20. Rad1 Rxd1
21. Rxd1 Bd4 22. Ne2 e5 23. Rd3 b5 24. cxb5 axb5 25. Rd2 g5 26. b4 Nf4 27. Nxf4
gxf4 28. bxc5 Bxc5 29. Rd5 Bd4 30. Rxb5 Kg7 31. Rd5 Kg6 32. Rxd4 exd4 33. Kf1
Kg5 34. Ke2 h5 35. Kd3 Kh4 36. e5 Kxh3 37. e6 Kg2 38. e7 Kxf3 39. e8=Q Kxf2 40.
Qxh5 1-0

[Event "FRA Team Ch"]
[Site "REIMS"]
[Date "2002.??.??"]
[Round "10.8"]
[White "Wolfangel, Florence"]
[Black "Klipper, Rebecca"]
[Result "0-1"]
[WhiteElo "1960"]
[BlackElo "2072"]
[PlyCount "102"]
[EventDate "2005.05.??"]

1. d4 Nf6 2. c4 c5 3. d5 b5 4. cxb5 a6 5. f3 e6 6. e4 exd5 7. e5 Qe7 8. Qe2 Ng8
9. Nc3 Bb7 10. Nh3 Qd8 11. Nf4 Ne7 12. Bd2 g6 13. h4 h6 14. O-O-O axb5 15. Nxb5
Nf5 16. Nd6+ Bxd6 17. exd6+ Kf8 18. Qe5 Rg8 19. Nxd5 Nc6 20. Qf4 Rxa2 21. Bc4
Ra1+ 22. Kc2 Ncd4+ 23. Kd3 Rxd1 24. Rxd1 Ne6 25. Qh2 Bxd5 26. Bxd5 Kg7 27. h5
Qb6 28. Bc3+ Kh7 29. hxg6+ fxg6 30. Re1 Re8 31. g4 Qxd6 32. Qxd6 Nxd6 33. Be5
Nf7 34. Bg3 Kg7 35. Rc1 d6 36. Ra1 Re7 37. Ra6 Nc7 38. Bxd6 Nxd5 39. Bxe7 Nb4+
40. Kc4 Nxa6 41. Kb5 Nb4 42. Bxc5 Nd3 43. Bd4+ Kf8 44. Kc4 Nde5+ 45. Kd5 Nxf3
46. Bc5+ Ke8 47. Ke4 N3e5 48. b4 Nxg4 49. b5 Kd7 50. Bd4 Ng5+ 51. Kf4 Ne6+ 0-1

[Event "FRA Team Ch"]
[Site "REIMS"]
[Date "2002.??.??"]
[Round "10.9"]
[White "Denisart, Anthony"]
[Black "Silvert, Alexandre"]
[Result "1/2-1/2"]
[WhiteElo "2099"]
[BlackElo "2000"]
[PlyCount "36"]
[EventDate "2005.05.??"]

1. e4 e6 2. Nf3 d5 3. e5 c5 4. b4 cxb4 5. d4 Nc6 6. a3 bxa3 7. Bxa3 Bxa3 8.
Rxa3 Bd7 9. c3 Nge7 10. Bd3 h6 11. O-O O-O 12. Nh4 Nc8 13. g3 Nb6 14. Nd2 Qe7
15. Ra1 Rfc8 16. f4 g6 17. Ndf3 Nd8 18. Qc2 Nc4 1/2-1/2

[Event "FRA Team Ch"]
[Site "REIMS"]
[Date "2002.??.??"]
[Round "10.1"]
[White "Legky, Nikolay A"]
[Black "Dgebuadze, Alexandre"]
[Result "1/2-1/2"]
[WhiteElo "2483"]
[BlackElo "2537"]
[PlyCount "32"]
[EventDate "2005.05.??"]

1. d4 e6 2. c4 Nf6 3. Nc3 Bb4 4. e3 b6 5. Nge2 Ba6 6. a3 Bxc3+ 7. Nxc3 d5 8.
Qa4+ c6 9. cxd5 Bxf1 10. Kxf1 exd5 11. Bd2 O-O 12. Rd1 Re8 13. h3 Qd6 14. Qb4
Qxb4 15. axb4 Nbd7 16. Ne2 a6 1/2-1/2

[Event "FRA Team Ch"]
[Site "REIMS"]
[Date "2002.??.??"]
[Round "10.2"]
[White "Belkhodja, Slim"]
[Black "David, Alberto"]
[Result "1/2-1/2"]
[WhiteElo "2506"]
[BlackElo "2516"]
[PlyCount "25"]
[EventDate "2005.05.??"]

1. e4 c5 2. Nf3 Nc6 3. Bb5 g6 4. Bxc6 dxc6 5. d3 Bg7 6. Nc3 Bg4 7. h3 Bxf3 8.
Qxf3 Nf6 9. O-O O-O 10. Qe2 e5 11. Bg5 Qd6 12. f4 exf4 13. Bxf4 1/2-1/2

[Event "FRA Team Ch"]
[Site "REIMS"]
[Date "2002.??.??"]
[Round "10.3"]
[White "Komarov, Dimitri"]
[Black "Bunzmann, Dimitrij"]
[Result "1/2-1/2"]
[WhiteElo "2544"]
[BlackElo "2483"]
[PlyCount "25"]
[EventDate "2005.05.??"]

1. d4 e6 2. Nf3 Nf6 3. c4 b6 4. a3 Ba6 5. Qc2 Bb7 6. Nc3 c5 7. e4 cxd4 8. Nxd4
d6 9. Be2 Nbd7 10. Be3 a6 11. O-O-O Qc7 12. f4 h5 13. f5 1/2-1/2

[Event "FRA Team Ch"]
[Site "REIMS"]
[Date "2002.??.??"]
[Round "10.4"]
[White "Gerard, Nicolas"]
[Black "Moracchini, Fabrice"]
[Result "0-1"]
[WhiteElo "2260"]
[BlackElo "2311"]
[PlyCount "78"]
[EventDate "2005.05.??"]

1. d4 Nf6 2. c4 c6 3. Nc3 d5 4. e3 Qb6 5. Bd3 Bg4 6. Nge2 e6 7. O-O Nbd7 8. Kh1
Be7 9. f3 Bh5 10. Nf4 Bg6 11. c5 Qc7 12. e4 dxe4 13. Nxe4 Nxe4 14. fxe4 e5 15.
Nh5 O-O 16. b4 exd4 17. Bf4 Ne5 18. Ng3 Rfe8 19. Nf5 Bxf5 20. exf5 Bf6 21. Qd2
Qd7 22. Bxe5 Rxe5 23. Rae1 Rae8 24. Rxe5 Rxe5 25. Re1 Bg5 26. Qd1 Rxe1+ 27.
Qxe1 Be3 28. Qg3 Qe8 29. h3 Bd2 30. a3 a5 31. b5 Qe1+ 32. Qxe1 Bxe1 33. bxc6
bxc6 34. Be4 Bb4 35. axb4 a4 36. b5 a3 37. Bb1 d3 38. b6 d2 39. Bc2 a2 0-1

[Event "FRA Team Ch"]
[Site "REIMS"]
[Date "2002.??.??"]
[Round "10.5"]
[White "Salaun, Yann"]
[Black "Crouan, Stephane"]
[Result "1-0"]
[WhiteElo "2409"]
[BlackElo "2307"]
[PlyCount "97"]
[EventDate "2005.05.??"]

1. e4 c5 2. Nf3 Nc6 3. Nc3 g6 4. d4 cxd4 5. Nxd4 Bg7 6. Be3 Qa5 7. Be2 Nf6 8.
Nb3 Qc7 9. f4 d6 10. O-O h5 11. Qd2 Bd7 12. Rae1 Rc8 13. Nd5 Nxd5 14. exd5 Nd8
15. c3 O-O 16. Bd3 f5 17. Qf2 b6 18. Nd4 Qb7 19. c4 e5 20. dxe6 Nxe6 21. Nxe6
Bxe6 22. b3 Qf7 23. Bd4 d5 24. Bxg7 Kxg7 25. Qd4+ Qf6 26. Re5 dxc4 27. Bxc4
Bxc4 28. bxc4 Rf7 29. Rfe1 Rd8 30. Qe3 Qd6 31. Rd5 Qf6 32. h3 Rfd7 33. Qd3 Rxd5
34. cxd5 Qd6 35. Re5 Qc5+ 36. Kh2 h4 37. Qf3 b5 38. d6 Qxd6 39. Qf2 Rd7 40.
Qxh4 Qb8 41. Qg3 Kh7 42. Re6 Qg8 43. Qe1 Qf7 44. Qe5 b4 45. Re8 Qg7 46. Qe1 g5
47. Qe6 Qf7 48. Qe5 Kg6 49. Re6+ 1-0

[Event "FRA Team Ch"]
[Site "REIMS"]
[Date "2002.??.??"]
[Round "10.6"]
[White "Delalande, Thierry"]
[Black "Godard, Maxence"]
[Result "1/2-1/2"]
[WhiteElo "2182"]
[BlackElo "2383"]
[PlyCount "92"]
[EventDate "2005.05.??"]

1. d4 Nf6 2. c4 e6 3. Nc3 Bb4 4. Qc2 c5 5. dxc5 Na6 6. a3 Bxc3+ 7. Qxc3 Nxc5 8.
f3 d5 9. cxd5 b6 10. b4 Na4 11. Qc2 b5 12. e4 a6 13. Bd3 exd5 14. e5 Ng8 15.
Ne2 Bd7 16. Be3 Rc8 17. Qd2 Ne7 18. Nd4 O-O 19. O-O Nb6 20. f4 f5 21. Bf2 Qc7
22. Nb3 Rcd8 23. Bc5 Rf7 24. Qe3 Nc4 25. Bxc4 dxc4 26. e6 Bxe6 27. Qxe6 cxb3
28. Qxb3 Nd5 29. Rad1 Rfd7 30. g3 Kh8 31. Rfe1 Nf6 32. Rxd7 Qxd7 33. Qe6 Ne4
34. Qxd7 Rxd7 35. Bb6 Kg8 36. Rc1 Kf7 37. Bc7 Nd2 38. Rc6 Nf3+ 39. Kg2 Nd4 40.
Rc3 Ke6 41. Be5 g6 42. Kf2 Kd5 43. Ke3 Ne6 44. Rc8 Rb7 45. Kd3 Rd7 46. Ke3 Rb7
1/2-1/2

[Event "FRA Team Ch"]
[Site "REIMS"]
[Date "2002.??.??"]
[Round "10.7"]
[White "Giffard, Nicolas"]
[Black "Berthelot, Yannick"]
[Result "1/2-1/2"]
[WhiteElo "2307"]
[BlackElo "2263"]
[PlyCount "212"]
[EventDate "2005.05.??"]

1. Nf3 d5 2. c4 c6 3. e3 Nf6 4. b3 Bg4 5. Be2 Nbd7 6. Bb2 e6 7. d3 Bb4+ 8. Kf1
a5 9. a3 Be7 10. Nbd2 b5 11. cxb5 cxb5 12. Nd4 Bxe2+ 13. Kxe2 Qb6 14. Qc2 Nc5
15. a4 b4 16. Nb5 Kd7 17. Bd4 Rhc8 18. Rac1 Ne8 19. Qb1 g6 20. f4 Nc7 21. Bxc5
Bxc5 22. Nxc7 Rxc7 23. d4 Bd6 24. Rxc7+ Qxc7 25. Rc1 Qb7 26. Qd3 Ra6 27. Nf3 f6
28. h4 Ra8 29. h5 Qa6 30. Qxa6 Rxa6 31. hxg6 hxg6 32. g4 Ra8 33. g5 fxg5 34.
Nxg5 Rh8 35. Nf3 Rh6 36. Kf2 Rh3 37. Kg2 Rh8 38. Kg3 Rh5 39. Kg4 Rh8 40. Nh4
Rh6 41. Nf3 Rh8 42. Kg3 Rh5 43. Kg2 Rh8 44. Ne5+ Bxe5 45. fxe5 Rh5 46. Rc5 Rg5+
47. Kf3 Rg1 48. Rxa5 Rb1 49. Ra7+ Kd8 50. Rb7 Rxb3 51. a5 Ra3 52. Rxb4 Rxa5 53.
Rb6 Ke7 54. Kf4 Ra7 55. Kg5 Kf7 56. Kh6 Re7 57. Rb1 Ra7 58. Rf1+ Ke7 59. Kxg6
Ra2 60. Rf7+ Ke8 61. Rb7 Rf2 62. Kg5 Rf3 63. Rb3 Kf7 64. Rb7+ Ke8 65. Kg6 Rf1
66. Kg5 Rf3 67. Rb3 Kf7 68. Kg4 Rf1 69. Rb7+ Kg8 70. Kg3 Rf5 71. Rb2 Rg5+ 72.
Kf3 Rf5+ 73. Ke2 Rh5 74. Rb3 Kf7 75. Kd3 Rh3 76. Rb7+ Ke8 77. Rg7 Rf3 78. Ke2
Rh3 79. Kf2 Kd8 80. Rg3 Rh7 81. Kf3 Rf7+ 82. Ke2 Ke7 83. Kd3 Rh7 84. Kc3 Rh1
85. Rg7+ Kf8 86. Rg6 Kf7 87. Rf6+ Ke7 88. Rf3 Rc1+ 89. Kb4 Rc2 90. Rh3 Rc4+ 91.
Kb3 Ke8 92. Rh2 Rc1 93. Rc2 Re1 94. Rc3 Rb1+ 95. Ka4 Kd7 96. Rb3 Ra1+ 97. Kb5
Ra8 98. Kb4 Re8 99. Rc3 Rb8+ 100. Ka3 Ra8+ 101. Kb2 Rb8+ 102. Rb3 Rc8 103. Rc3
Rh8 104. Ra3 Rc8 105. Ra7+ Ke8 106. Rh7 Rc4 1/2-1/2

[Event "FRA Team Ch"]
[Site "REIMS"]
[Date "2002.??.??"]
[Round "10.8"]
[White "Mullon, Jean-Baptiste"]
[Black "Buchy, Daniel"]
[Result "1-0"]
[WhiteElo "2284"]
[BlackElo "2195"]
[PlyCount "61"]
[EventDate "2005.05.??"]

1. e4 c5 2. Nf3 Nc6 3. d4 cxd4 4. Nxd4 g6 5. Nc3 Bg7 6. Be3 Nf6 7. Bc4 O-O 8.
Bb3 d6 9. f3 Bd7 10. Qd2 Rc8 11. O-O-O Ne5 12. Kb1 Nc4 13. Bxc4 Rxc4 14. g4 Re8
15. h4 h5 16. Nd5 hxg4 17. Nxf6+ exf6 18. h5 g5 19. h6 Bf8 20. Qd3 Qc7 21. fxg4
Kh8 22. Qf1 Be7 23. Bxg5 fxg5 24. Qxf7 Bf8 25. Qf6+ Kh7 26. Nf3 Rc5 27. Rd5
Rxd5 28. exd5 Bf5 29. Qxf5+ Kh8 30. Qf6+ Kg8 31. h7+ 1-0

[Event "FRA Team Ch"]
[Site "REIMS"]
[Date "2002.??.??"]
[Round "10.9"]
[White "Barakoff, Annie"]
[Black "Marchadour, Claire"]
[Result "0-1"]
[WhiteElo "1810"]
[BlackElo "2121"]
[PlyCount "86"]
[EventDate "2005.05.??"]

1. c4 e5 2. Nc3 Nf6 3. Nf3 Nc6 4. d3 d5 5. cxd5 Nxd5 6. g3 Nb6 7. Bg2 Be7 8.
O-O O-O 9. a3 a5 10. Bd2 Be6 11. Rc1 a4 12. Ne4 Bb3 13. Qe1 Nd7 14. Bc3 f6 15.
Ned2 Bf7 16. d4 exd4 17. Nxd4 Nxd4 18. Bxd4 c5 19. Be3 Qb6 20. Rb1 Bg6 21. b4
Bxb1 22. Nxb1 Qc7 23. bxc5 Bxc5 24. Bd2 Rac8 25. Bf4 Ne5 26. Bh3 Rfd8 27. Bg2
Qe7 28. Qc1 Kh8 29. h4 Ng6 30. Bd2 Re8 31. Qd1 b5 32. Qe1 Ne5 33. Nc3 Nc4 34.
Nxb5 Qd7 35. Bb4 Qxb5 36. e3 Bxb4 37. axb4 a3 38. Bh3 Rb8 39. Qe2 Qxb4 40. Rc1
Ne5 41. Rc2 Red8 42. f4 Qb1+ 43. Kf2 Nd3+ 0-1

[Event "FRA Team Ch"]
[Site "REIMS"]
[Date "2002.??.??"]
[Round "10.1"]
[White "Kallai, Gabor"]
[Black "Magem Badals, Jordi"]
[Result "1/2-1/2"]
[WhiteElo "2549"]
[BlackElo "2502"]
[PlyCount "20"]
[EventDate "2005.05.??"]

1. c4 c5 2. Nf3 Nf6 3. g3 d5 4. cxd5 Nxd5 5. Bg2 Nc6 6. d4 Nb6 7. e3 Bg4 8. O-O
cxd4 9. exd4 g6 10. Nc3 Bg7 1/2-1/2

[Event "FRA Team Ch"]
[Site "REIMS"]
[Date "2002.??.??"]
[Round "10.2"]
[White "De La Riva Aguado, Oscar"]
[Black "Varga, Peter"]
[Result "1/2-1/2"]
[WhiteElo "2496"]
[BlackElo "2489"]
[PlyCount "39"]
[EventDate "2005.05.??"]

1. e4 c5 2. Nf3 d6 3. d4 cxd4 4. Nxd4 Nf6 5. Nc3 a6 6. Be3 e6 7. Qd2 b5 8. f3
Bb7 9. g4 Nfd7 10. O-O-O Nb6 11. Bg5 Qc8 12. Ndxb5 axb5 13. Nxb5 f6 14. Be3 Nc4
15. Bxc4 Qxc4 16. Nxd6+ Bxd6 17. Qxd6 Kf7 18. b3 Qc6 19. Qxc6 Bxc6 20. Kb2
1/2-1/2

[Event "FRA Team Ch"]
[Site "REIMS"]
[Date "2002.??.??"]
[Round "10.4"]
[White "Guidarelli, Laurent"]
[Black "Maier, Christian"]
[Result "1-0"]
[WhiteElo "2366"]
[BlackElo "2354"]
[PlyCount "79"]
[EventDate "2005.05.??"]

1. e4 e6 2. d4 d5 3. Nc3 Bb4 4. Nge2 Ne7 5. a3 Ba5 6. b4 Bb6 7. e5 Bd7 8. Ng3
a5 9. b5 c5 10. Be3 cxd4 11. Bxd4 Bxd4 12. Qxd4 O-O 13. Bd3 f5 14. exf6 Rxf6
15. O-O Be8 16. Nge4 Rh6 17. Ng5 Nd7 18. f4 Rc8 19. Na4 Nf8 20. Rfe1 Nf5 21.
Bxf5 Rc4 22. Qe5 exf5 23. Qxe8 Qxe8 24. Rxe8 Rxa4 25. Rb8 Rf6 26. Rxb7 Rxf4 27.
Rb1 h6 28. Nf3 Rc4 29. b6 Kh7 30. Rc7 Rxc7 31. bxc7 Rc6 32. Rb8 Rxc7 33. Rxf8
g6 34. Ra8 g5 35. Rxa5 Rxc2 36. Rxd5 Kg6 37. Rd2 Rc4 38. Kf2 Rc1 39. Rd3 f4 40.
h3 1-0

[Event "FRA Team Ch"]
[Site "REIMS"]
[Date "2002.??.??"]
[Round "10.5"]
[White "Roos, Louis"]
[Black "Lepelletier, Benoit"]
[Result "0-1"]
[WhiteElo "2342"]
[BlackElo "2444"]
[PlyCount "100"]
[EventDate "2005.05.??"]

1. d4 e6 2. Nf3 Nf6 3. g3 b6 4. Bg2 Bb7 5. O-O Be7 6. c4 O-O 7. Nc3 Ne4 8. Bd2
Bf6 9. Rc1 d6 10. d5 Bxc3 11. Bxc3 Nd7 12. Ne1 f5 13. b4 Qe7 14. Bb2 Ndf6 15.
f3 Ng5 16. Qd2 h6 17. Bxf6 Rxf6 18. h4 Nf7 19. f4 e5 20. e3 g5 21. hxg5 hxg5
22. Nf3 gxf4 23. exf4 e4 24. Nh4 Nh6 25. Bh3 Kh7 26. Kf2 a5 27. b5 Rg8 28. Rh1
Bc8 29. Rh2 Kg7 30. Re1 Kf8 31. Re3 Rf7 32. Qd4 Rfg7 33. Ng2 Rg6 34. Rh1 Bd7
35. Qa1 Ke8 36. Qd4 Kd8 37. Qc3 Kc8 38. Qd4 Kb7 39. Rg1 R6g7 40. Qc3 Rh7 41.
Nh4 Nf7 42. Qe1 Nh6 43. Qc1 Ng4+ 44. Bxg4 Rxg4 45. Nf3 Qf7 46. Ng5 Rxg5 47.
fxg5 f4 48. Re2 e3+ 49. Kf3 Qf5 50. Reg2 Qg4+ 0-1

[Event "FRA Team Ch"]
[Site "REIMS"]
[Date "2002.??.??"]
[Round "10.6"]
[White "Guadalpi, David"]
[Black "Mensch, Etienne"]
[Result "1/2-1/2"]
[WhiteElo "2314"]
[BlackElo "2383"]
[PlyCount "28"]
[EventDate "2005.05.??"]

1. e4 d6 2. d4 Nf6 3. Nc3 Nbd7 4. Nf3 e5 5. Bc4 Be7 6. O-O O-O 7. Re1 c6 8. a4
b6 9. h3 a6 10. Bg5 h6 11. Bxf6 Bxf6 12. d5 c5 13. Bf1 Bg5 14. g3 h5 1/2-1/2

[Event "FRA Team Ch"]
[Site "REIMS"]
[Date "2002.??.??"]
[Round "10.7"]
[White "Roos, Jean-Luc"]
[Black "Simonet, Marc"]
[Result "0-1"]
[WhiteElo "2306"]
[BlackElo "2283"]
[PlyCount "128"]
[EventDate "2005.05.??"]

1. e4 c5 2. Nc3 Nc6 3. g3 g6 4. Bg2 Bg7 5. d3 e5 6. f4 d6 7. Nh3 Nge7 8. O-O
Nd4 9. fxe5 dxe5 10. Bg5 Qd6 11. Qd2 f6 12. Be3 Bg4 13. Rae1 O-O 14. Nd1 Rad8
15. c3 Ndc6 16. Nhf2 Be6 17. a3 c4 18. d4 exd4 19. cxd4 Nxd4 20. Kh1 Nec6 21.
Nc3 Nb3 22. Qxd6 Rxd6 23. Nb5 Rd7 24. Nh3 a6 25. Nf4 Bf7 26. Bh3 Rdd8 27. Nc7
Nd2 28. Nfe6 Nxf1 29. Bxf1 Rd7 30. Bh3 Rb8 31. Nd5 f5 32. Nxg7 Kxg7 33. Nb6 Re7
34. exf5 Rbe8 35. f6+ Kxf6 36. Rf1+ Kg7 37. Bd2 Be6 38. Bc3+ Kh6 39. Bxe6 Rxe6
40. Nxc4 b5 41. Nd2 Re1 42. Kg2 Rxf1 43. Nxf1 Kg5 44. Ne3 Ne5 45. h4+ Kh5 46.
Nd5 Ng4 47. Kf3 g5 48. hxg5 Kxg5 49. Bd2+ Kf5 50. Bc3 Re6 51. Nb4 Re3+ 52. Kg2
Re2+ 53. Kf1 Re6 54. Kg2 Ke4 55. Bd2 Rf6 56. Bf4 a5 57. Na2 Ne3+ 58. Kg1 Nd1
59. Bd2 Rf2 60. Nc3+ Kf3 61. Be1 Rg2+ 62. Kh1 Nf2+ 63. Bxf2 Rxf2 64. Nxb5 Rxb2
0-1